[Event "Buenos Aires"]
[Site "?"]
[Date "1994.??.??"]
[Round "?"]
[White "Kamsky, G."]
[Black "Salov, V."]
[Result "1/2-1/2"]
[WhiteElo "2695"]
[BlackElo "2710"]
[PlyCount "174"]
[EventDate "1994.??.??"]
[Source "ChessBase"]
[SourceDate "1994.10.01"]

1. e4 c5 2. Nf3 Nc6 3. d4 cxd4 4. Nxd4 e6 5. Nc3 Qc7 6. Be2 Nf6 7. O-O a6 8. Be3 Bb4 9. Na4 Be7 10. c4 O-O 11. Nc3 b6 12. Nxc6 dxc6 13. f4 c5 14. e5 Rd8 15. Qc2 Nd7 16. Bd3 Nf8 17. Rf3 Bb7 18. Rh3 g6 19. Rf1 Rd7 20. Be4 Rad8 21. Bxb7 Qxb7 22. Ne4 Qc6 23. Bf2 Kg7 24. Qe2 b5 25. b3 bxc4 26. bxc4 Rb7 27. Rb3 Rdb8 28. Rfb1 Nd7 29. Be1 Rxb3 30. axb3 h5 31. Qe3 Kg8 32. Rd1 Nf8 33. Ba5 Nd7 34. Rd3 Nf8 35. h3 Kg7 36. Nf6 Nh7 37. Ne4 Nf8 38. Kh2 Rb7 39. Bd8 Bxd8 40. Rxd8 Rxb3 41. Qxb3 Qxe4 42. Qg3 a5 43. Qh4 Nh7 44. Qf2 a4 45. Rc8 Qxc4 46. Rxc5 Qe4 47. Ra5 g5 48. fxg5 h4 49. Qf3 Qd4 50. Qg4 Qxg4 51. hxg4 Nxg5 52. Rxa4 Nh7 53. Kh3 Nf8 54. Re4 Ng6 55. g5 Kg8 56. Kg4 Kh7 57. Kf3 Kg7 58. Ke3 Kf8 59. Kd4 Ke7 60. Kc5 Kd7 61. Kb6 Ke7 62. Kc6 Kf8 63. Kd6 Kg7 64. Re2 Kf8 65. Rf2 Kg8 66. Rf6 Kg7 67. Rf1 Kf8 68. Rf2 Kg8 69. Ra2 Kg7 70. Ra4 Kf8 71. Re4 Ke8 72. Kc6 Ke7 73. Kc7 Kf8 74. Kd7 Kg7 75. Ke8 Kg8 76. Re1 Kg7 77. Re2 Kg8 78. Rf2 Nxe5 79. Rf4 Kg7 80. Rxh4 Kg6 81. Re4 Nd3 82. Ke7 Kxg5 83. Re3 Nf4 84. Rg3+ Kf5 85. Kxf7 e5 86. Rg8 Nxg2 87. Rxg2 e4 1/2-1/2

[Event "Tilburg"]
[Site "?"]
[Date "1997.??.??"]
[Round "?"]
[White "Svidler, P."]
[Black "Polgar, Judit"]
[Result "1/2-1/2"]
[WhiteElo "2660"]
[BlackElo "2670"]
[PlyCount "57"]
[EventDate "1997.??.??"]
[Source "ChessBase"]
[SourceDate "1997.06.01"]

1. e4 c5 2. Nf3 Nc6 3. d4 cxd4 4. Nxd4 e6 5. Nc3 Qc7 6. Be2 a6 7. O-O Nf6 8. Be3 Bb4 9. Na4 Be7 10. Nxc6 bxc6 11. Nb6 Rb8 12. Nxc8 Qxc8 13. e5 Nd5 14. Bc1 Bc5 15. c4 Ne7 16. b3 Qc7 17. Bb2 d6 18. Bh5 O-O 19. Qe2 a5 20. Rac1 Nf5 21. Rfd1 a4 22. Rd3 axb3 23. axb3 Rbd8 24. exd6 Bxd6 25. g3 Bc5 26. Rcd1 Rxd3 27. Qxd3 Qb6 28. Rd2 Bb4 29. Rd1 1/2-1/2

[Event "Luzern"]
[Site "?"]
[Date "1993.??.??"]
[Round "?"]
[White "Shirov, A."]
[Black "Hjartarson, J."]
[Result "1-0"]
[WhiteElo "2685"]
[BlackElo "2605"]
[PlyCount "80"]
[EventDate "1993.??.??"]
[Source "ChessBase"]
[SourceDate "1993.10.01"]

1. e4 c5 2. Nf3 e6 3. d4 cxd4 4. Nxd4 Nc6 5. Nc3 Qc7 6. Be2 a6 7. Be3 Nf6 8. O-O Bb4 9. Na4 O-O 10. Nxc6 bxc6 11. f4 Rb8 12. Bd3 Be7 13. c4 d6 14. g4 c5 15. g5 Nd7 16. Rf2 g6 17. h4 f5 18. h5 Rf7 19. hxg6 hxg6 20. exf5 gxf5 21. Rh2 Nf8 22. Nc3 Bd8 23. Rc1 Rh7 24. Rcc2 Bb7 25. Rxh7 Qxh7 26. Rh2 Qg7 27. Ne2 Bf3 28. b3 Ba5 29. Kf2 Bg4 30. Qh1 Ng6 31. Rh6 Nf8 32. Rh4 Ng6 33. Rxg4 fxg4 34. Qh5 Nf8 35. Qxg4 Rb7 36. Ng3 Rf7 37. Nh5 Qb2+ 38. Kf3 Qh2 39. g6 Qh1+ 40. Kf2 Qh2+ 1-0

[Event "Madrid ESP"]
[Site "Madrid ESP"]
[Date "1994.??.??"]
[Round "3"]
[White "Kamsky, Gata"]
[Black "Illescas Cordoba, Miguel"]
[Result "1/2-1/2"]
[WhiteElo "2695"]
[BlackElo "2590"]
[PlyCount "88"]
[EventDate "1994.??.??"]
[Source "www.chesslib.no"]
[SourceDate "2004.05.04"]

1. e4 c5 2. Nf3 Nc6 3. d4 cxd4 4. Nxd4 Qc7 5. Nc3 e6 6. Be2 a6 7. O-O Nf6 8. Be3 Bb4 9. Na4 Be7 10. Nxc6 bxc6 11. Nb6 Rb8 12. Nxc8 Qxc8 13. e5 Nd5 14. Bc1 Bc5 15. c4 Ne7 16. b3 Qc7 17. Bb2 Ng6 18. Qd3 O-O 19. Qe4 d6 20. exd6 Bxd6 21. g3 Rfd8 22. Rad1 Qa5 23. Qxc6 Qxa2 24. Rxd6 Qxb2 25. Rfd1 Rf8 26. Qe4 Qxb3 27. Rxa6 Qc3 28. h4 Rb2 29. Rad6 Qc2 30. Qxc2 Rxc2 31. Kf1 Ne5 32. R1d4 h5 33. Ke1 g6 34. Kd1 Ra2 35. Rf4 Kg7 36. Rd7 Ng4 37. Re4 Kh6 38. c5 Rh8 39. Rd5 Ra1+ 40. Kc2 Ra2+ 41. Kc3 Ra6 42. Kc4 Rb6 43. Kd3 Rb7 44. Kd2 Ra7 1/2-1/2

[Event "Yerevan"]
[Site "Yerevan"]
[Date "1996.??.??"]
[Round "5"]
[White "Svidler, Peter"]
[Black "Hracek, Zbynek"]
[Result "1/2-1/2"]
[WhiteElo "2630"]
[BlackElo "2650"]
[PlyCount "31"]
[EventDate "1996.04.??"]
[Source "ChessBase"]

1. e4 c5 2. Nf3 Nc6 3. d4 cxd4 4. Nxd4 Qc7 5. Nc3 e6 6. Be2 a6 7. f4 b5 8. Nxc6 Qxc6 9. Bf3 Bb7 10. Be3 Rc8 11. Qd3 Qc4 12. a3 Nf6 13. Bd4 d5 14. Bxf6 Qxd3 15. cxd3 dxe4 16. Nxe4 1/2-1/2

[Event "Monte Carlo MNC"]
[Site "?"]
[Date "1996.??.??"]
[Round "4"]
[White "Polgar Judit"]
[Black "Ljubojevic Ljubomir"]
[Result "1-0"]
[WhiteElo "2675"]
[BlackElo "2600"]
[PlyCount "67"]
[EventDate "1996.??.??"]
[Source "www.chesslib.no"]
[SourceDate "2004.05.04"]

1. e4 c5 2. Nf3 e6 3. d4 cxd4 4. Nxd4 Nc6 5. Nc3 Qc7 6. Be2 a6 7. O-O Nf6 8. Be3 Bb4 9. Na4 Be7 10. Nxc6 bxc6 11. Nb6 Rb8 12. Nxc8 Qxc8 13. e5 Nd5 14. Bc1 Bc5 15. c4 Ne7 16. b3 O-O 17. Bb2 a5 18. Bd3 Qc7 19. Bc2 Rfd8 20. Qh5 Ng6 21. Rad1 a4 22. Bc3 axb3 23. axb3 d5 24. exd6 Qa5 25. Bxa5 Ne7 26. Kh1 f6 27. Bc7 Rdc8 28. Rg1 Ra8 29. Ba5 Rf8 30. Bxh7+ Kh8 31. g3 Rg8 32. Be1 g5 33. Qf7 Bxf2 34. Qe8 1-0

[Event "Novi Sad (ol)"]
[Site "?"]
[Date "1990.??.??"]
[Round "?"]
[White "Anand, V."]
[Black "Timman, J."]
[Result "1/2-1/2"]
[WhiteElo "2610"]
[BlackElo "2660"]
[PlyCount "74"]
[EventDate "1990.??.??"]
[Source "ChessBase"]
[SourceDate "1990.07.01"]

1. e4 c5 2. Nf3 e6 3. d4 cxd4 4. Nxd4 Nc6 5. Nc3 Qc7 6. Be3 a6 7. f4 b5 8. Nxc6 Qxc6 9. Be2 Bb7 10. Bf3 Qc4 11. e5 Bxf3 12. Qxf3 Rc8 13. O-O-O Ne7 14. Rd4 Qc6 15. Qxc6 dxc6 16. Ne4 Nd5 17. Re1 c5 18. Rdd1 c4 19. c3 Be7 20. Kc2 g6 21. g3 Kd7 22. Bb6 Kc6 23. Ba5 h5 24. h4 Rb8 25. a3 Rb7 26. Rd4 Bc5 27. Nxc5 Kxc5 28. Red1 Rd7 29. Kd2 Kc6 30. Ke2 f6 31. exf6 Rf8 32. Kf3 Rxf6 33. Re1 Ne7 34. Bd8 Rxd4 35. cxd4 Kd7 36. Bxe7 Kxe7 37. Ke3 Rf5 1/2-1/2

[Event "Belgrade-Moscow"]
[Site "Belgrade SCG"]
[Date "1974.??.??"]
[Round "6"]
[White "Ljubojevic, Ljubomir"]
[Black "Polugaevsky, Lev A"]
[Result "1/2-1/2"]
[WhiteElo "2605"]
[BlackElo "2630"]
[PlyCount "47"]
[EventDate "1974.11.03"]
[Source "www.chesslib.no"]
[SourceDate "2004.05.04"]

1. e4 c5 2. Nf3 Nc6 3. d4 cxd4 4. Nxd4 e6 5. Nc3 a6 6. Be3 Qc7 7. Be2 Nf6 8. O-O Bb4 9. Nxc6 bxc6 10. Na4 Bd6 11. Nb6 Rb8 12. Nxc8 Rxc8 13. Bxa6 Ra8 14. Bd3 Bxh2+ 15. Kh1 Bf4 16. Bc5 Qe5 17. Qf3 g5 18. Be3 Bxe3 19. Qxe3 Ng4 20. Qg3 Qxg3 21. fxg3 Ke7 22. Kg1 Rhb8 23. Rfb1 Ra4 24. c3 1/2-1/2

[Event "Europa ch 2008"]
[Site "Plovdiv BUL"]
[Date "2008.04.25"]
[Round "5.12"]
[White "Areshchenko, Alexander"]
[Black "Miladinovic, Igor"]
[Result "1/2-1/2"]
[WhiteElo "2650"]
[BlackElo "2579"]
[PlyCount "88"]
[EventDate "2008.04.21"]
[Source "www.chesslib.no"]
[SourceDate "2004.05.04"]

1. e4 c5 2. Nf3 Nc6 3. d4 cxd4 4. Nxd4 Qc7 5. Nc3 e6 6. Be2 a6 7. O-O Nf6 8. Be3 Bb4 9. Na4 Be7 10. Nxc6 bxc6 11. Nb6 Rb8 12. Nxc8 Qxc8 13. Bd4 Qc7 14. e5 Nd5 15. b3 a5 16. g3 f6 17. Bd3 O-O 18. Qe2 Rf7 19. Rad1 f5 20. f4 c5 21. Ba1 c4 22. Bxc4 Bc5+ 23. Rd4 Nb6 24. Bb5 Nc8 25. Rfd1 Na7 26. Ba4 Nc6 27. Kg2 Nxd4 28. Bxd4 g5 29. Bxc5 Qxc5 30. Qc4 Qa7 31. fxg5 f4 32. Qe4 fxg3 33. hxg3 Rbf8 34. Kh3 Rg7 35. Qd4 Qxd4 36. Rxd4 Rxg5 37. Bxd7 Rxe5 38. c4 Rf2 39. a3 Kf7 40. b4 axb4 41. axb4 Ke7 42. Bc6 h5 43. c5 Kf6 44. Be4 Re2 1/2-1/2

[Event "Banc Agricol m1 5'"]
[Site "Andorra"]
[Date "2001.06.23"]
[Round "5"]
[White "Shirov, Alexei"]
[Black "De la Riva Aguado, Oscar"]
[Result "1-0"]
[WhiteElo "2722"]
[BlackElo "2496"]
[PlyCount "115"]
[EventDate "2001.06.23"]
[Source "ChessBase"]
[SourceDate "2001.07.03"]

1. e4 c5 2. Nf3 Nc6 3. d4 cxd4 4. Nxd4 Qc7 5. Nc3 e6 6. Be2 a6 7. O-O Nf6 8. Be3 Bb4 9. Na4 Bd6 10. g3 b5 11. Nb6 Rb8 12. Nxc8 Rxc8 13. a4 Nxd4 14. Bxd4 e5 15. Be3 Bc5 16. Bxc5 Qxc5 17. axb5 axb5 18. Ra5 Rb8 19. Bd3 O-O 20. c4 Qd4 21. Rxb5 Rxb5 22. cxb5 Qxb2 23. Qb1 Qd4 24. Rd1 d6 25. Bf1 Qxe4 26. Qxe4 Nxe4 27. f3 Nc3 28. Rxd6 Rb8 29. Rc6 Na4 30. Kf2 Kf8 31. Ke3 f5 32. Re6 Re8 33. Ra6 Nc5 34. Rc6 Nd7 35. Bc4 Rb8 36. Be6 Nf6 37. b6 g6 38. Kd3 Ke7 39. Kc4 Nd7 40. Bxd7 Kxd7 41. Kc5 Rb7 42. Rd6+ Ke7 43. Rd1 Rb8 44. Rd2 Ke6 45. Kc6 Rc8+ 46. Kb5 Rc1 47. b7 Rb1+ 48. Kc6 e4 49. fxe4 fxe4 50. Rd8 Ke5 51. b8=Q+ Rxb8 52. Rxb8 e3 53. Re8+ Kd4 54. Re7 h5 55. Kd6 Kd3 56. Ke5 e2 57. Kf6 Kd2 58. Kxg6 1-0

[Event "Banc Agricol m1 5'"]
[Site "Andorra"]
[Date "2001.06.23"]
[Round "3"]
[White "Shirov, Alexei"]
[Black "De la Riva Aguado, Oscar"]
[Result "1-0"]
[WhiteElo "2722"]
[BlackElo "2496"]
[PlyCount "65"]
[EventDate "2001.06.23"]
[Source "ChessBase"]
[SourceDate "2001.07.03"]

1. e4 c5 2. Nf3 Nc6 3. d4 cxd4 4. Nxd4 Qc7 5. Nc3 e6 6. Be2 a6 7. O-O Nf6 8. Be3 Bb4 9. Na4 Be7 10. Nxc6 bxc6 11. Nb6 Rb8 12. Nxc8 Qxc8 13. Bd4 c5 14. Be5 Rb6 15. Qd3 d6 16. Bc3 O-O 17. b3 Nd7 18. Rad1 Bf6 19. Ba5 Rc6 20. Qg3 Qb8 21. f4 Re8 22. e5 Be7 23. exd6 Rxd6 24. Rxd6 Bxd6 25. Bc3 Bf8 26. Bxa6 Nb6 27. Bb5 Rd8 28. a4 c4 29. Be5 Qa8 30. Qf2 Qd5 31. Kh1 Bc5 32. Qg3 Bf8 33. Bc7 1-0

[Event "Banc Agricol m1 5'"]
[Site "Andorra"]
[Date "2001.06.23"]
[Round "1"]
[White "Shirov, Alexei"]
[Black "De la Riva Aguado, Oscar"]
[Result "1-0"]
[WhiteElo "2722"]
[BlackElo "2496"]
[PlyCount "87"]
[EventDate "2001.06.23"]
[Source "ChessBase"]
[SourceDate "2001.07.03"]

1. e4 c5 2. Nf3 Nc6 3. d4 cxd4 4. Nxd4 Qc7 5. Nc3 e6 6. Be2 a6 7. O-O Nf6 8. Be3 Bb4 9. Na4 Bd6 10. g3 b5 11. Nb6 Rb8 12. Nxc8 Rxc8 13. a4 Nxd4 14. Bxd4 e5 15. Be3 Bc5 16. Qd3 Bxe3 17. Qxe3 O-O 18. c3 Qc6 19. axb5 axb5 20. Ra5 Rb8 21. f3 d5 22. exd5 Nxd5 23. Qf2 Rfd8 24. Rd1 Nc7 25. Bd3 Ne6 26. Raa1 Ng5 27. Kg2 g6 28. Qe3 Qf6 29. h4 Ne6 30. Be4 b4 31. c4 Nd4 32. Rd2 b3 33. Rad1 Kg7 34. Bd5 Nf5 35. Qc3 Re8 36. Re1 Nd4 37. f4 Nc2 38. Rxe5 Rxe5 39. fxe5 Qb6 40. e6+ f6 41. c5 Qa6 42. Bxb3 Ne1+ 43. Kf2 Qa1 44. Rd7+ 1-0

[Event "Zlatibor"]
[Site "?"]
[Date "2006.08.31"]
[Round "6"]
[White "Efimenko Zahar"]
[Black "Miladinovic Igor"]
[Result "0-1"]
[WhiteElo "2632"]
[BlackElo "2584"]
[PlyCount "88"]
[EventDate "2006.??.??"]
[Source "www.chesslib.no"]
[SourceDate "2004.05.04"]

1. e4 c5 2. Nf3 Nc6 3. d4 cxd4 4. Nxd4 Qc7 5. Nc3 e6 6. Be2 a6 7. O-O Nf6 8. Be3 Bb4 9. Na4 Be7 10. Nxc6 bxc6 11. Nb6 Rb8 12. Nxc8 Qxc8 13. Bd4 Qc7 14. e5 Nd5 15. b3 a5 16. g3 c5 17. Bb2 a4 18. Bc4 Nb6 19. Bb5 c4 20. Bd4 axb3 21. cxb3 cxb3 22. Qxb3 O-O 23. a4 Nd5 24. a5 Bc5 25. Rac1 Bxd4 26. Rxc7 Nxc7 27. Qd3 Nxb5 28. Rb1 Nc3 29. Rxb8 Rxb8 30. a6 Nb5 31. Kg2 g6 32. f4 Kf8 33. g4 Ke8 34. Qh3 Nc3 35. a7 Rb2+ 36. Kf1 Rb1+ 37. Kg2 Rg1+ 38. Kf3 Bxa7 39. Qxh7 Rf1+ 40. Kg2 Rf2+ 41. Kh1 Bc5 42. Qh8+ Bf8 43. Qh3 Nd5 44. Qb3 Bb4 0-1

[Event "Mind Sports Games - Rapid Pair"]
[Site "Pechino CINA"]
[Date "2008.10.11"]
[Round "8"]
[White "Socko, B."]
[Black "Banikas, H."]
[Result "1/2-1/2"]
[WhiteElo "2631"]
[BlackElo "2572"]
[PlyCount "37"]
[EventDate "2008.10.09"]
[Source "www.chesslib.no"]
[SourceDate "2004.05.04"]

1. e4 c5 2. Nf3 Nc6 3. d4 cxd4 4. Nxd4 Qc7 5. Nc3 e6 6. Be2 a6 7. Be3 b5 8. Nxc6 Qxc6 9. Bf3 Bb7 10. e5 Qc7 11. Bxb7 Qxb7 12. O-O Ne7 13. Qd3 Nf5 14. a4 b4 15. Ne4 Rc8 16. Rfd1 Nxe3 17. fxe3 Be7 18. c4 bxc3 19. bxc3 1/2-1/2

[Event "BRD"]
[Site "?"]
[Date "1987.??.??"]
[Round "?"]
[White "Huebner, R."]
[Black "Ribli, Z."]
[Result "1/2-1/2"]
[WhiteElo "2615"]
[BlackElo "2580"]
[PlyCount "71"]
[EventDate "1987.??.??"]
[Source "ChessBase"]
[SourceDate "1987.01.01"]

1. e4 c5 2. Nf3 e6 3. d4 cxd4 4. Nxd4 Nc6 5. Nc3 a6 6. Be2 Qc7 7. O-O Nf6 8. Be3 Bb4 9. Na4 O-O 10. Nxc6 bxc6 11. Nb6 Rb8 12. Nxc8 Rfxc8 13. Bxa6 Rf8 14. Qd3 Ng4 15. g3 Qa5 16. Bc4 Be7 17. Bf4 Rxb2 18. Qxd7 Qh5 19. h4 Bf6 20. Be2 Rxc2 21. Qd1 Rxe2 22. Qxe2 Bxa1 23. Rxa1 h6 24. Bd6 Ra8 25. a4 e5 26. Bc5 Qg6 27. a5 Nf6 28. Ra4 Nd7 29. Be3 Qd6 30. Qc4 Qc7 31. Bd2 Nf8 32. Bc3 Ne6 33. a6 Ra7 34. Ra1 c5 35. Kg2 Kh7 36. Qd5 1/2-1/2

[Event "Moscow 87/172"]
[Site "?"]
[Date "2003.??.??"]
[Round "?"]
[White "Landa, K."]
[Black "Shaposhnikov, E."]
[Result "1/2-1/2"]
[WhiteElo "2649"]
[BlackElo "2543"]
[PlyCount "60"]
[EventDate "2003.??.??"]
[Source "Chess Informant"]
[SourceDate "2003.02.01"]

1. e4 c5 2. Nf3 e6 3. d4 cxd4 4. Nxd4 Nc6 5. Nc3 Qc7 6. Be2 a6 7. O-O Nf6 8. Be3 Bb4 9. Na4 Be7 10. Nxc6 bxc6 11. Nb6 Rb8 12. Nxc8 Qxc8 13. Bd4 c5 14. Be5 Rb6 15. b3 Nxe4 16. Bxg7 Rg8 17. Be5 Bd6 18. Bxd6 Rxd6 19. Bd3 c4 20. bxc4 Qc6 21. Qf3 Nd2 22. Qxc6 Rxc6 23. Rfd1 Nxc4 24. Bxh7 Rh8 25. Bd3 Na3 26. g4 Ke7 27. Rd2 d5 28. Kg2 a5 29. Kg3 Rc3 30. f3 Rhc8 1/2-1/2

[Event "ESP-Tch  1a Div"]
[Site "Ciudad Real"]
[Date "2004.08.23"]
[Round "1.1"]
[White "Macieja, Bartlomiej"]
[Black "De la Riva Aguado, Oscar"]
[Result "1-0"]
[WhiteElo "2633"]
[BlackElo "2556"]
[PlyCount "67"]
[EventDate "2004.08.23"]
[Source "Roberto Alvarez"]
[SourceDate "2004.09.06"]

1. e4 c5 2. Nf3 Nc6 3. d4 cxd4 4. Nxd4 Qc7 5. Nc3 e6 6. Be2 a6 7. Be3 b5 8. Nxc6 Qxc6 9. Bf3 Bb7 10. O-O Rc8 11. e5 Qc7 12. Bxb7 Qxb7 13. Qd3 Ne7 14. a4 b4 15. Ne4 Nf5 16. Rfe1 h6 17. Rad1 Be7 18. a5 Rc6 19. Bb6 Qc8 20. c3 bxc3 21. bxc3 Rc4 22. Re2 Qc6 23. f3 h5 24. Red2 O-O 25. Qxd7 Rxc3 26. Nxc3 Qxc3 27. Qc7 Qb4 28. Rc2 Qb5 29. f4 g5 30. Qc6 Qb4 31. Qc4 gxf4 32. Qxb4 Bxb4 33. Rd8 Ne3 34. Rcc8 1-0

[Event "Budapest Tungsram"]
[Site "Budapest HUN"]
[Date "1973.??.??"]
[Round "11"]
[White "Ribli, Zoltan"]
[Black "Karpov, Anatoly"]
[Result "1/2-1/2"]
[WhiteElo "2525"]
[BlackElo "2660"]
[PlyCount "177"]
[EventDate "1973.??.??"]
[Source "www.chesslib.no"]
[SourceDate "2004.05.04"]

1. e4 c5 2. Nf3 e6 3. d4 cxd4 4. Nxd4 Nc6 5. Nc3 Qc7 6. Be2 Nf6 7. O-O a6 8. Be3 Bb4 9. Na4 O-O 10. Nxc6 dxc6 11. Bb6 Qf4 12. Bd3 Nd7 13. g3 Qf6 14. a3 Be7 15. Bc7 e5 16. b4 b5 17. Nb6 Nxb6 18. Bxb6 Bh3 19. Re1 Rfb8 20. Be3 a5 21. c3 axb4 22. cxb4 Rd8 23. Bb6 Rd7 24. Qc2 Rb8 25. Ba5 c5 26. Be2 c4 27. a4 bxa4 28. Rxa4 Rd4 29. b5 Rxb5 30. Bc3 Rd8 31. Rd1 Rc8 32. Rxc4 Rbc5 33. Rxc5 Bxc5 34. Bf1 Bxf1 35. Kxf1 Bxf2 36. Qxf2 Rxc3 37. Kg2 h5 38. Rd5 Kh7 39. Qf5+ Qxf5 40. exf5 f6 41. h4 Rc6 42. Kf3 g6 43. fxg6+ Kxg6 44. Rd8 Rc3+ 45. Kf2 Kf5 46. Rh8 Rc2+ 47. Ke3 Kg4 48. Rg8+ Kf5 49. Rh8 Rc3+ 50. Kf2 e4 51. Rg8 Ra3 52. Re8 Ra4 53. Rg8 Ra2+ 54. Ke3 Rg2 55. Rg7 Ke5 56. Re7+ Kd5 57. Rd7+ Ke6 58. Ra7 Rxg3+ 59. Kxe4 Rg4+ 60. Kf3 Kf5 61. Ra5+ Kg6 62. Rb5 Rxh4 63. Ra5 Rh1 64. Kg2 Rh4 65. Kf3 Rb4 66. Rc5 Rb8 67. Rc4 Kg5 68. Rc5+ f5 69. Rc4 h4 70. Kg2 Rb2+ 71. Kh3 Rb3+ 72. Kg2 Rg3+ 73. Kf2 Rg4 74. Rc8 h3 75. Ra8 Rb4 76. Kg3 Rb3+ 77. Kh2 f4 78. Rg8+ Kh4 79. Rh8+ Kg4 80. Rg8+ Kf5 81. Rf8+ Ke4 82. Re8+ Kf3 83. Rf8 Rb7 84. Ra8 Re7 85. Ra6 Re1 86. Ra8 Kf2 87. Kxh3 f3 88. Ra2+ Re2 89. Ra1 1/2-1/2

[Event "6th Festival Gp A"]
[Site "Nancy FRA"]
[Date "2008.02.21"]
[Round "6"]
[White "Guliyev, N."]
[Black "Miladinovic, I."]
[Result "1/2-1/2"]
[WhiteElo "2570"]
[BlackElo "2604"]
[PlyCount "48"]
[EventDate "2008.02.18"]
[Source "www.chesslib.no"]
[SourceDate "2004.05.04"]

1. e4 c5 2. Nf3 Nc6 3. d4 cxd4 4. Nxd4 Qc7 5. Nc3 e6 6. Be2 a6 7. O-O Nf6 8. Be3 Bb4 9. Na4 Be7 10. Nxc6 bxc6 11. Nb6 Rb8 12. Nxc8 Qxc8 13. Bd4 Qc7 14. e5 Nd5 15. b3 c5 16. Bb2 a5 17. Bc4 Nb4 18. Qe2 O-O 19. Rad1 Rbd8 20. a4 Nc6 21. Rd3 d5 22. exd6 Bxd6 23. g3 Be5 24. Bc1 Bf6 1/2-1/2

[Event "Krasnodar"]
[Site "Krasnodar"]
[Date "2000.??.??"]
[Round "3"]
[White "Tseshkovsky, Vitaly"]
[Black "Tregubov, Pavel V"]
[Result "1-0"]
[WhiteElo "2558"]
[BlackElo "2615"]
[PlyCount "135"]
[EventDate "2000.??.??"]
[Source "www.chesslib.no"]
[SourceDate "2004.05.04"]

1. e4 c5 2. Nf3 e6 3. d4 cxd4 4. Nxd4 Nc6 5. Nc3 Qc7 6. Be2 a6 7. O-O Nf6 8. Be3 Bb4 9. Na4 Be7 10. Nxc6 bxc6 11. Nb6 Rb8 12. Nxc8 Qxc8 13. Bd4 O-O 14. e5 Nd5 15. c4 Nf4 16. g3 Nxe2+ 17. Qxe2 c5 18. Bc3 f6 19. Rad1 fxe5 20. Bxe5 Rb6 21. Rd2 Bf6 22. Bxf6 Rxf6 23. Rfd1 Rf7 24. Rd3 a5 25. R1d2 h6 26. Qd1 Rb7 27. Rd6 Qb8 28. Qc2 Qa7 29. Qg6 a4 30. a3 Qb8 31. h4 Ra7 32. Qe4 Qb7 33. Qxb7 Rxb7 34. Kg2 Ra7 35. f4 Rf8 36. Rxd7 Rxd7 37. Rxd7 Rb8 38. Rd2 Rb3 39. h5 Kf7 40. Kh3 g6 41. hxg6+ Kxg6 42. Re2 Kf6 43. Kh4 Rb8 44. g4 Rb3 45. g5+ hxg5+ 46. fxg5+ Kf7 47. Kg4 Rd3 48. Rf2+ Kg7 49. Kf4 Rd4+ 50. Ke5 Rxc4 51. Kxe6 Kg6 52. Kd5 Rc1 53. Rg2 c4 54. Kc5 c3 55. bxc3 Rxc3+ 56. Kb4 Rc8 57. Kxa4 Ra8+ 58. Kb4 Rb8+ 59. Kc5 Rc8+ 60. Kb6 Rb8+ 61. Kc6 Rc8+ 62. Kb7 Rc4 63. Rg3 Ra4 64. Kc6 Ra5 65. Kb6 Ra8 66. Kb5 Rb8+ 67. Ka6 Ra8+ 68. Kb7 1-0

[Event "Karditsa"]
[Site "Karditsa"]
[Date "1996.??.??"]
[Round "7"]
[White "Kotronias, Vasilios"]
[Black "Miladinovic, Igor"]
[Result "1/2-1/2"]
[WhiteElo "2610"]
[BlackElo "2560"]
[PlyCount "48"]
[EventDate "1996.03.??"]
[Source "ChessBase"]

1. e4 c5 2. Nf3 Nc6 3. d4 cxd4 4. Nxd4 Qc7 5. Nc3 e6 6. Be2 a6 7. O-O Nf6 8. Be3 Bb4 9. Na4 Be7 10. c4 Nxe4 11. c5 O-O 12. Bf3 Ng5 13. Bh5 f5 14. f4 Ne4 15. Bf3 d6 16. Nxc6 bxc6 17. Bxe4 fxe4 18. cxd6 Bxd6 19. Nc5 a5 20. Nxe4 Bxf4 21. Bxf4 Rxf4 22. Rxf4 Qxf4 23. Qd8+ Qf8 24. Qc7 Ba6 1/2-1/2